| 000 | 00666cam a2200229Mi 4500 | ||
|---|---|---|---|
| 020 | _a9780804815796 | ||
| 020 | _a0804815798 | ||
| 040 | _cZ5U | ||
| 082 | _a495 TUT 1988 C155 Or. | ||
| 100 | 1 | _aKindaichi, Haruhiko, | |
| 245 | 1 | 4 | _aThe Japanese language / |
| 250 | _a1st Tut book edition. | ||
| 260 |
_aRutland, Vt. : _bTuttle, _c1988, ℗♭1978. |
||
| 300 |
_a295 pages ; _c19 cm |
||
| 490 | 1 | _aTuttle language library | |
| 500 | _aOriginally published in Japan as Nippongo by Iwanami Shoten, Tokyo (1957). | ||
| 650 | 0 | _aJapanese language. | |
| 650 | 0 | _aJapanese language | |
| 650 | 0 | _aJapanese language | |
| 700 | 1 | _aHirano, Umeyo, | |
| 942 | _cAEDBB | ||
| 999 |
_c18873 _d18873 |
||